AH International Schools' Libraries

The Crumbling Castle (Record no. 49075)

MARC details
000 -LEADER
fixed length control field 00361nam a22001217a 4500
008 - FIXED-LENGTH DATA ELEMENTS--GENERAL INFORMATION
fixed length control field 250729b |||||||| |||| 00| 0 eng d
020 ## - INTERNATIONAL STANDARD BOOK NUMBER
International Standard Book Number 9781912858484
100 ## - MAIN ENTRY--PERSONAL NAME
Personal name Brenda Gurr (Author)
9 (RLIN) 86432
245 ## - TITLE STATEMENT
Title The Crumbling Castle
260 ## - PUBLICATION, DISTRIBUTION, ETC. (IMPRINT)
Place of publication, distribution, etc Great Britain
Name of publisher, distributor, etc New Frontier Publishing
Date of publication, distribution, etc 2020
300 ## - PHYSICAL DESCRIPTION
Extent 87 pages
Other physical details col. ill.
Dimensions 7.8 x 0.2 x 5.08 inches
942 ## - ADDED ENTRY ELEMENTS (KOHA)
Source of classification or shelving scheme
Holdings
Withdrawn status Lost status Source of classification or shelving scheme Damaged status Not for loan Collection code Home library Current library Date acquired Total Checkouts Full call number Barcode Date last seen Price effective from Koha item type
          Siem Reap Asian Hope Siem Reap Asian Hope Siem Reap 07/29/2025   FIC BRE 209012 07/29/2025 07/29/2025 Book
          Siem Reap Asian Hope Siem Reap Asian Hope Siem Reap 07/29/2025   FIC BRE 208973 07/29/2025 07/29/2025 Book

For any Logos Library related questions please contact Miss Art at swongnarasuk@asianhope.org.

For any Asian Hope Library related questions please contact Miss Raza at graza@asianhope.org.

Click here to explore our ebooks!

Powered by Koha